000 00675cam a2200181 4500
001 WB3619-12
008 000000n2000 000 0 eng u
035 _a(Sirsi) u105970
245 _aFactory outlets worth £1bn
260 _c2000
490 _aRetail Week
_v 12 May 2000, 24(1)
520 _aResearch from Retail Intelligence indicates the UK market for factory outlet centres more than doubled in size between 1997 and 1999, but will shortly reach saturation.
590 _aWB
650 _aPROPERTY-COMMERCIAL PROPERTY-RETAIL PROPERTY-RETAIL PROPERTY MARKET
650 _aFACTORY OUTLETS
690 _aPROPERTY-COMMERCIAL PROPERTY-RETAIL PROPERTY
942 _n0
999 _c63452
_d63452